NLSUI OPAC header image

All about goods and service tax : A complete guide to model goods and service tax law (Record no. 41157)

MARC details
000 -LEADER
fixed length control field 01105nam a2200229Ia 4500
003 - CONTROL NUMBER IDENTIFIER
control field OSt
005 - DATE AND TIME OF LATEST TRANSACTION
control field 20201003110022.0
008 - FIXED-LENGTH DATA ELEMENTS--GENERAL INFORMATION
fixed length control field 160316s2016 xxu||||| |||| 00| 0 eng d
020 ## - INTERNATIONAL STANDARD BOOK NUMBER
International Standard Book Number 9789386189592
040 ## - CATALOGING SOURCE
Transcribing agency nls
082 ## - DEWEY DECIMAL CLASSIFICATION NUMBER
Classification number 343.055800
Item number DAT-2
100 ## - MAIN ENTRY--PERSONAL NAME
Personal name Datey V S
245 ## - TITLE STATEMENT
Title All about goods and service tax : A complete guide to model goods and service tax law
250 ## - EDITION STATEMENT
Edition statement 4th
260 ## - PUBLICATION, DISTRIBUTION, ETC.
Place of publication, distribution, etc. New Delhi
Name of publisher, distributor, etc. Taxmann Allied Services (P) Ltd.
Date of publication, distribution, etc. 2016
300 ## - PHYSICAL DESCRIPTION
Extent 438p
365 ## - TRADE PRICE
Price amount Rs. 650
505 ## - FORMATTED CONTENTS NOTE
Formatted contents note Table Of Contents: GST-IDEA WHOSE TIME HAS COME PRESENT STRUCTURE OF INDIRECT TAXES IN INDIA TAXABLE EVENT IN GST VAT CONCEPT AND ITS APPLICATION IN GST ILLUSTRATIONS OF UTILIZATION OF INPUT TAX CREDIT ADDITIONAL TAX ON SUPPLY OF GOODS (ATSG) IN INTER-STATE TRANSACTIONS IGST IS THE GAME CHANGER IN GST CLASSIFICATION OF GOODS AND SERVICES EXEMPTIONS AND COMPOSITION SCHEMES FOR SMALL ASSESSEES MISCELLANEOUS ISSUES IN GST CONSTITUTIONAL BACKGROUND OF GST
650 ## - SUBJECT ADDED ENTRY--TOPICAL TERM
Topical term or geographic name entry element 1.Goods - Service Tax - Practice & Procedures2. Service Tax Law - Practice
700 ## - ADDED ENTRY--PERSONAL NAME
Personal name
--
942 ## - ADDED ENTRY ELEMENTS (KOHA)
Source of classification or shelving scheme Dewey Decimal Classification
Koha item type BOOKs
Holdings
Withdrawn status Lost status Source of classification or shelving scheme Damaged status Not for loan Home library Current library Shelving location Date acquired Cost, normal purchase price Total Checkouts Full call number Barcode Date last seen Date last checked out Price effective from Koha item type
    Dewey Decimal Classification     NLS NLS   30/05/2017 600.00 3 343.0558 DAT-3 34659 30/10/2023 11/08/2023 30/05/2017 BOOKs